| 000 | 00985nam a2200301 a 4500 | ||
|---|---|---|---|
| 001 | 000115475 | ||
| 003 | CHAP | ||
| 005 | 20220329144536.0 | ||
| 008 | 190528s2018 mx a |r| ||||j|spa d | ||
| 010 | _a111936 | ||
| 011 | _a112908 | ||
| 020 | _a9786071205032 | ||
| 040 | _cCHAP | ||
| 082 | 0 | 4 |
_a863.5080972 _bM84 |
| 100 | 0 | 0 |
_aMorett Alatorre, Luis. _978762 |
| 245 | 1 | 4 |
_aLos niños de Chinameca : _basí pintan la historia contada por sus abuelos / _cpor Luis Gerardo Morett Alatorre y Patricia Muñoz Sánchez. |
| 260 |
_aChapingo, Méx. : _bUACH. Dirección General de Difusión Cultura y Servicio, _c2018. |
||
| 300 |
_a203 p. : _bil. |
||
| 590 |
_aE11695DGD _b10 _c20190530 _lUCH01 _h1529 |
||
| 590 |
_aE5765TAJ _b05 _c20190528 _lUCH01 _h1008 |
||
| 650 | 1 | 4 |
_aCuentos infantiles. _9133814 |
| 650 | 1 | 4 |
_aLiteratura infantil. _967132 |
| 650 | 1 | 4 |
_aNarrativa mexicana. _9135156 |
| 700 | 0 |
_aMuñoz Sánchez, Patricia. _979683 |
|
| 901 | _aBK | ||
| 942 | _cLIBRO | ||
| 942 | _n0 | ||
| 999 |
_c111936 _d111936 |
||